| 000 | 00872nam a22002057a 4500 | ||
|---|---|---|---|
| 999 |
_c189442 _d189442 |
||
| 005 | 20220701113152.0 | ||
| 010 | _aB-744795 RP Aruna Nagar | ||
| 020 |
_c1295.00 _a9789393850898 |
||
| 035 | _aB-744795 | ||
| 037 | _bPansy Books | ||
| 082 | _a000 | ||
| 100 | _aJain, Anshul | ||
| 245 |
_aJudicial Service Examinations: _bSolved Multiple Choice Questions with Exhaustive Explanations and Case Laws / _cAnshul Jain |
||
| 250 | _a2nd ed. | ||
| 260 |
_aDelhi _bLaw & Justice Publishing CO _c2022 |
||
| 270 |
_aA-58, GT Karnal Road Industrial Area _bDelhi _e110033 _k01147082254 _msales@ubtlawbooks.com |
||
| 300 |
_av,1172p. _c24cm(pbk) |
||
| 942 |
_2ddc _cEN _mJAI _h000 |
||